| 000 | 00552nam a2200217Ia 4500 | ||
|---|---|---|---|
| 001 | 13357 | ||
| 003 | GE_BSU | ||
| 008 | 181216s||||||||xx |||||||||||||| ||und|| | ||
| 020 | _a0708848451 | ||
| 040 | _cGE_BSU | ||
| 080 | _a821.111-3 | ||
| 100 | _aPeters,Ellis. | ||
| 245 | 4 | _aThe Potter's Field. | |
| 245 | 4 | _bThe seventeenth chronicle of brother cadfael. | |
| 260 | _aLondon. | ||
| 260 | _bHeadline book. | ||
| 260 | _c1989 | ||
| 300 | _a229p;18cm. | ||
| 653 | _aThe Potter's Field.The seventeenth chronicle of brother cadfael. | ||
| 942 | _cBK | ||
| 999 |
_c46518 _d46518 |
||